Tracking and abnormal behavior detection in video surveillance using optical flow and neural networks / (Record no. 540694)

000 -LEADER
fixed length control field 00520nam a22001457a 4500
082 ## - DEWEY DECIMAL CLASSIFICATION NUMBER
Classification number 621.39
100 ## - MAIN ENTRY--PERSONAL NAME
Personal name Rasheed, Nida
245 ## - TITLE STATEMENT
Title Tracking and abnormal behavior detection in video surveillance using optical flow and neural networks /
Statement of responsibility, etc. Nida Rasheed.
260 ## - PUBLICATION, DISTRIBUTION, ETC.
Place of publication, distribution, etc. Islamabad:
Name of publisher, distributor, etc. CEME - NUST,
Date of publication, distribution, etc. 2013.
300 ## - PHYSICAL DESCRIPTION
Extent 85 p. : ill. ;
Dimensions 30cm.
650 ## - SUBJECT ADDED ENTRY--TOPICAL TERM
Topical term or geographic name entry element Computer Engineering - MS Theses.
700 ## - ADDED ENTRY--PERSONAL NAME
Personal name Sup: Dr. Shoab A. Khan.
942 ## - ADDED ENTRY ELEMENTS (KOHA)
Source of classification or shelving scheme
Koha item type Thesis
650 ## - SUBJECT ADDED ENTRY--TOPICAL TERM
-- 34671
700 ## - ADDED ENTRY--PERSONAL NAME
-- 34846
Holdings
Withdrawn status Lost status Source of classification or shelving scheme Damaged status Not for loan Permanent Location Current Location Shelving location Date acquired Total Checkouts Full call number Barcode Date last seen Price effective from Koha item type
          Central Library (CL) Central Library (CL) Reference 11/03/2020   621.39 CL-T-652 11/03/2020 11/03/2020 Thesis
© 2023 Central Library, National University of Sciences and Technology. All Rights Reserved.